000 01318nam0a22002891 4500
001 rc\4270240
005 20130416120920.8
021 _aRU
_b[58-44423]
035 _a(NLR Aleph) 008488175
090 _a8033025
_c8033025
100 _a20130416d1958 |||y0rusy50 ca
101 0 _arus
102 _aRU
105 _aa z |||||
200 1 _aОрганизация управления угольными предприятиями
_e(Капиталист. страны)
_e[Обзор]
_fПод общ. ред. проф. С.Д. Сонина
_gГосплан СССР. Главниипроект. Центр. ин-т техн. информации угольной пром-сти
210 _aМосква
_cУглетехиздат
_d1958
215 _a95 с., 2 л. схем.
_cсхем.
_d22
225 1 _aЗарубежная техника
300 _aСост. указан на обороте тит. л.
606 _aУгольная промышленность
_xУправление
_yКапиталистические страны
_2psbo
700 1 _aБорисова
_bК. В.
_gКира Васильевна
_4220
702 1 _aСонин
_bС. Д.
_gСемен Данилович
_4340
801 0 _aRU
_bNLR
_gpsbo
801 1 _aRU
_bELAR
_2rusmarc
852 _aNLR
_j58-6/6436
942 _cBOOK
980 _aNB